000 00685nam a2200193Ia 4500
003 GCL
005 20240530103431.0
008 140319s9999 xx 000 0 ara d
040 _aGCL /
_cGCL
082 0 4 _a953.07393
_bا ت
100 1 _aاحمد مختار العبادى
245 1 0 _aفى التاريخ الايوبى والمملوكى /
_cاحمد مختار العبادى
260 _aالقاهرة :
_bمؤسسة شباب الجامعة ،
300 _a304 ص
_c24 سم
650 0 4 _aالمقاومة الشعبية
650 0 4 _aمصر - تاريخ - العصر الاسلامى
700 _aالدكنتور احمد مختار العبادى
942 _2ddc
_cBK
999 _c39335
_d39335